000 02714nam a22002657a 4500
001 216219031
003 UA-OsUOA
005 20210103164139.0
008 200810b un ||||| m||| 00| 0 ukr d
040 _aUA-OsUOA
_bukr
_cUA-OsUOA
_dUA-OsUOA
041 _aukr
080 _a82.0+82-311.6(477)
090 _a82.0+82-311.6(477)
095 _a10.01.06
_bтеорія літератури
100 _aБалдинюк В. Д.
245 _aНаративні моделі сучасної української історичної прози (за творчістю Павла Загребельного та Валерія Шевчука)
_cБалдинюк Віра Дмитрівна ; наук. керівник Гундорова Тамара Іванівна
260 _aКиїв
_c2004
300 _a20 с.
502 _6Автореферат дисертації на здобуття наукового ступеня кандидата філологічних наук
_cІнститут літератури імені Т. Г. Шевченка
_d2004
520 _aДисертацію присвячено розгляду наративних моделей історичної прози, що сформувалися в другій половині XX століття і відбивають становлення нового історичного знання — уявлення про трансісторичність, постколоніальність і постмодерність. Виділено два основні наративні модуси історичної прози — романтичний і готичний, які генетично успадковані від літератури романтизму і бароко. На основі аналізу історичної прози Павла Загребельного і Валерія Шевчука виокремлено типологічні риси романтичного і готичного модусів, що виявляються на рівні основних топосів, мотивів, авторських концептів, а також комунікативної спрямованості текстів. Прослідковано еволюцію авторської присутності від романтичної до сучасної історичної прози.
650 _2UDC
_a82 Література. Літературознавство
942 _2udc
_cAR
955 _a1
999 _c460927
_d460927